000 00445nab a2200145Ia 4500
003 ES-SlBCS
005 20210601133543.0
008 140529s1988 xxu||||| |||| 00| 0 por d
041 _apor
100 1 _aCabral, Joao Paulo
_9121510
245 0 2 _aA Ortodoxia Russa e a Igreja Catolica
_c Joao Cabral
650 4 _aIglesia Ortodoxa Rusa-Iglesia Católica
_9206463
773 0 _tBroteria
_gvol. 126, nº. 1, 1988, págs. 37-44
_wRev100
942 _cAR
999 _c598293
_d598293